000 00373nam a2200157 4500
999 _c11069
_d11069
020 _a9788120324145
022 _a978-8120324145
082 _a004.678NII
100 _aNIIT
245 _aInternet Working Through Wide Area Network
260 _aNew Delhi:
_bPHI Learning,
_c2005.
300 _a410p. ;
650 _aNetwork
650 _aInternet Working
942 _cBK